000
00225nam a2200109Ia 4500
100
_a
#N/A
942
_c
BK
245
_a
Industrial Safety Cronical Oct - Dec Vol 17 no. 3
260
_b
#N/A
546
_a
ENGLISH
999
_c
31901
_d
31901